Datum a čas kvízu
22
Celkem bodů
Celkový počet nahraných bodů na tomto kvízu bez doplňovacích otázek.
7.
Pořadí na kvízu
Konečné umístění týmu na tomto kvízu.
Zaznamenané odpovědi
| # | Otázka | Odpověď | Body | Výsledky |
|---|---|---|---|---|
| 1. | Někteří senátoři chtějí ve Va... | lavička s popelníkem | 0 | |
| 2. | Na Slovensku byl přetřásán stř... | Ministerstvo životního prostředí | 0 | |
| 3. | 71letý zpěvák Ozzy Osbourne oz... | Parkinsonova choroba | 1 | |
| 4. | Aféra s předraženou zakázkou n... | hackathon | 1 | |
| 5. | Čínská tenistka Wang Čhiang, 2... | Serenu Williamsovou | 0 | |
| 6. | Jelikož se o ostrovech zmiňuje... | D) zaťatou pěst se vztyčeným ukazováčkem | 0 | |
| 7. | Jak se nazývá ostrov, na němž... | Borneo | 0 | |
| 8. | Obcí, částí obcí či měst s náz... | Ostrov nad Ohří | 1 | |
| 9. | Ostrovačice v okrese Brno-venk... | Amerika | 0 | |
| 10. | Jak se jmenoval německý patolo... | Paul Langerhans | 0 |